Foreign-Born Population: Norway Quiz Stats

Quiz Updated Feb 13, 2017

Challenge
Share
Tweet
Embed
Score 0/20 Timer 05:00
1 Play Today
Foreign-Born Population Country % Correct
31,693Sweden
95.9%
14,475United Kingdom
89.3%
19,827Denmark
89.2%
24,909Germany
89%
17,058Russia
87.6%
95,724Poland
81.5%
10,958India
69.8%
22,154Iraq
69.6%
16,462Iran
69%
11,142Turkey
67.1%
Foreign-Born Population Country % Correct
19,571Pakistan
64.6%
37,376Lithuania
62.1%
13,380Romania
51.8%
14,233Afghanistan
50.3%
13,608Vietnam
48.9%
28,300Somalia
42.2%
19,776Philippines
41.5%
17,518Thailand
40.5%
13,474Bosnia and Herzegovina
23.2%
17,592Eritrea
21.3%

You're not logged in!

Compare scores with friends on all Sporcle quizzes.
Sign Up with Email
OR
Log In

You Might Also Like...

Show Comments

Extras

Top Quizzes Today


Score Distribution

Your Account Isn't Verified!

In order to create a playlist on Sporcle, you need to verify the email address you used during registration. Go to your Sporcle Settings to finish the process.